| 000 | 00566nam a2200169 4500 | ||
|---|---|---|---|
| 001 | 108875 | ||
| 003 | ES-MaACL | ||
| 005 | 20230906184729.0 | ||
| 007 | t| | ||
| 008 | 061121s1927 ag r ||||1| spa d | ||
| 110 | 2 |
_aComisión Española del Centenario Argentino (Buenos Aires) _93039 |
|
| 245 | 1 | 0 |
_aMonumento de los españoles _b: memoria / _cComisión Española del Centenario Argentino. |
| 260 |
_aBuenos Aires : _b[s.n.], _c1927 ( _fGráf. Contreras) |
||
| 300 |
_a184 p., 15 h. de lám. ; _c24 cm. |
||
| 852 |
_aES-MaACL _jA-569 |
||
| 852 |
_aES-MaACL _jF-8320 |
||
| 999 |
_c108875 _d108875 |
||